000 00804nam a2200265Ia 4500
003 OSt
005 20220927110753.0
006 a|||||r|||| 00| 0
007 ta
008 220926b |||||||| |||| 00| 0 eng d
024 _a89525
037 _cReports
040 _aRTL
_cRTL
_beng
041 _2eng
_aeng
082 _a"X9(J).213.N7, L5/GD"
110 _a"Karantaka , Planning (Deptt-), Evaluation Unit"
_9380192
245 0 _aReport on land utilisation in Karnataka
260 _aBangalore
_bGovt Press India
_c1975
300 _a169p.
_ccm.
500 _aAppendix p. Liii
650 _aAgriculture Industry
700 _a"Karantaka , Planning (Deptt-), Evaluation Unit"
_9380193
942 _h"X9(J).213.N7, L5/GD"
_cCC
999 _c697859
_d697859